=LDR 00000nam 2200000 4500 =001 NUTBA000000000003712 =005 20140825162404.0 =006 =007 =008 =020 ##$$a978-602-7985-09-4 =035 ##$$a 0010-081400000000557 =082 ##$$a515.33 =100 ##$$aSUDARYONO =245 ##$$aKALKULUS DIFERENSIAL =260 ##$$a JAKARTA $b KENCANA $c 2013 =650 ##$$aKALKULUS DIFER5ENSIAL